000 00260nam a22001217a 4500
008 170504b xxu||||| |||| 00| 0 eng d
041 _aeng
080 _212 ED
_a34
100 _a14
101 _aSHJ
245 _aBUSINESS LAW
_cMALLOR.J.P
942 _2udc
_cBK
999 _c12671
_d12671